Largest Cities Proper in the World Quiz Stats

 Plays Quiz not verified by Sporcle

Challenge
Share
Tweet
Embed
Score 0/25 Timer 08:00
0 Plays Today
City % Correct
New York City
96.6%
Tokyo
92%
London
89.7%
Shanghai
87.9%
Beijing
87.4%
Moscow
86.8%
Mumbai
85.6%
Mexico City
85.1%
São Paulo
81.6%
Delhi
78.2%
Cairo
78.2%
Istanbul
74.7%
Seoul
74.1%
City % Correct
Hong Kong
73%
Jakarta
72.4%
Tehran
68.4%
Lagos
67.8%
Karachi
66.7%
Bangkok
59.2%
Lima
56.3%
Dhaka
56.3%
Bogotá
54.6%
Kinshasa
48.3%
Ho Chi Minh City
43.7%
Hanoi
42%

You're not logged in!

Compare scores with friends on all Sporcle quizzes.
OR
Log In

You Might Also Like...

Show Comments

Extras

Top Quizzes Today


Score Distribution

Your Account Isn't Verified!

In order to create a playlist on Sporcle, you need to verify the email address you used during registration. Go to your Sporcle Settings to finish the process.

Report this User

Report this user for behavior that violates our Community Guidelines.

Details: